[Event "Como Province-ch"]
[Site "Erba"]
[Date "2015.01.25"]
[Round "6"]
[White "Bellotto, Stefano"]
[Black "Bernasconi, Roberto"]
[Result "1/2-1/2"]
[WhiteElo "2009"]
[BlackElo "1870"]
[PlyCount "24"]
[EventDate "2015.01.17"]
[EventType "swiss"]
[EventRounds "6"]
[EventCountry "ITA"]
[SourceTitle "EXT 2017"]
[Source "ChessBase"]
[SourceDate "2016.10.25"]
[SourceVersion "1"]
[SourceVersionDate "2016.10.25"]
[SourceQuality "1"]

1. d4 d5 2. Nf3 Nf6 3. Bf4 e6 4. e3 Bd6 5. Bg3 b6 6. Bb5+ Bd7 7. Qe2 Bxb5 8. Qxb5+ c6 9. Qb3 0-0 10. Nbd2 Qe7 11. 0-0 Bxg3 12. hxg3 Nbd7 1/2-1/2

[Event "Villa Guardia D Oro Cup 32nd"]
[Site "Villa Guardia"]
[Date "2014.11.01"]
[Round "4"]
[White "Bellotto, Stefano"]
[Black "Montoli, Marco"]
[Result "1/2-1/2"]
[WhiteElo "1999"]
[BlackElo "1987"]
[PlyCount "21"]
[EventDate "2014.10.26"]
[EventType "swiss"]
[EventRounds "6"]
[EventCountry "ITA"]
[SourceTitle "EXT 2016"]
[Source "ChessBase"]
[SourceDate "2015.10.08"]
[SourceVersion "1"]
[SourceVersionDate "2015.10.08"]
[SourceQuality "1"]

1. c4 Nf6 2. Nc3 d5 3. d4 g6 4. Nf3 Bg7 5. cxd5 Nxd5 6. Qb3 Nb6 7. Bg5 0-0 8. e3 Be6 9. Qa3 Re8 10. Rd1 Qd6 11. Qxd6 1/2-1/2

[Event "Como Primavera op 9th"]
[Site "Como"]
[Date "2014.03.06"]
[Round "1"]
[White "Puppi, Simone"]
[Black "Bellotto, Stefano"]
[Result "0-1"]
[WhiteElo "1538"]
[BlackElo "1989"]
[PlyCount "112"]
[EventDate "2014.03.06"]
[EventType "swiss"]
[EventRounds "7"]
[EventCountry "ITA"]
[SourceTitle "EXT 2015"]
[Source "ChessBase"]
[SourceDate "2014.11.20"]
[SourceVersion "1"]
[SourceVersionDate "2014.11.20"]
[SourceQuality "1"]

1. Nf3 c5 2. g3 Nc6 3. c3 e5 4. d3 d5 5. Bg2 g6 6. Bg5 Qc7 7. 0-0 Bg7 8. Qa4 Nge7 9. e4 d4 10. Na3 a6 11. Qd1 0-0 12. Rc1 Bg4 13. h3 Bxf3 14. Qxf3 dxc3 15. Rxc3 Nd4 16. Qd1 Qd6 17. Nc4 Qe6 18. Bxe7 Qxe7 19. Nb6 Rab8 20. Kh2 Qd6 21. Nd5 Ne6 22. a4 b5 23. a5 b4 24. Rc4 Rb5 25. Qa4 Nd4 26. Rfc1 Nc6 27. Qc2 Nd4 28. Qa4 Bh6 29. Ne3 Rc8 30. Rf1 Nc6 31. Nd5 Rxa5 32. Qd1 Nd4 33. Qg4 Re8 34. Qh4 Bg7 35. f4 exf4 36. Qxf4 Qxf4 37. gxf4 Ne6 38. f5 Be5+ 39. Kh1 Ng7 40. f6 Nh5 41. Rf3 Ng3+ 42. Kg1 h5 43. Kf2 h4 44. Ke3 Ra1 45. Rxc5 Re1+ 46. Kd2 Re2+ 47. Kd1 Rxg2 48. Ne7+ Kh7 49. Rxe5 Kh6 50. Nxg6 Rc8 51. Nxh4 Rg1+ 52. Kd2 Nf1+ 53. Kd1 Nh2+ 54. Ke2 Nxf3 55. Kxf3 Rf1+ 56. Kg4 Rg8+ 0-1

[Event "Como Province-ch"]
[Site "Villa Guardia"]
[Date "2013.01.27"]
[Round "6"]
[White "Bellotto, Stefano"]
[Black "Bernasconi, Roberto"]
[Result "1/2-1/2"]
[WhiteElo "1998"]
[BlackElo "1964"]
[PlyCount "20"]
[EventDate "2013.01.19"]
[EventType "swiss"]
[EventRounds "6"]
[EventCountry "ITA"]
[SourceTitle "EXT 2014"]
[Source "ChessBase"]
[SourceDate "2013.11.20"]
[SourceVersion "1"]
[SourceVersionDate "2013.11.20"]
[SourceQuality "1"]

1. d4 d5 2. Nf3 Nf6 3. Bf4 e6 4. h3 Nbd7 5. e3 c6 6. Bd3 Be7 7. 0-0 0-0 8. Nbd2 Re8 9. c3 b6 10. Qc2 Bb7 1/2-1/2

[Event "Como Province-ch"]
[Site "Como"]
[Date "2012.01.29"]
[Round "5"]
[White "Rossi, Giampiero"]
[Black "Bellotto, Stefano"]
[Result "0-1"]
[WhiteElo "1913"]
[BlackElo "2000"]
[PlyCount "68"]
[EventDate "2012.01.21"]
[EventType "swiss"]
[EventRounds "6"]
[EventCountry "ITA"]
[SourceTitle "EXT 2024"]
[Source "ChessBase"]
[SourceDate "2023.10.10"]
[SourceVersion "1"]
[SourceVersionDate "2023.10.10"]
[SourceQuality "1"]

1. d4 f5 2. Bg5 h6 3. Bh4 g5 4. Bg3 d6 5. e3 Bg7 6. h4 g4 7. c4 Nf6 8. Bd3 Nh5 9. Ne2 e5 10. Nbc3 Nc6 11. d5 Ne7 12. Qd2 0-0 13. 0-0-0 Bd7 14. Bc2 a6 15. c5 Qe8 16. cxd6 cxd6 17. Kb1 b5 18. a3 Qb8 19. e4 b4 20. axb4 Qxb4 21. Na2 Qb6 22. Qb4 Rab8 23. Qxb6 Rxb6 24. Nac3 Rfb8 25. b3 Rc8 26. Rd3 Nf4 27. Bxf4 exf4 28. f3 a5 29. exf5 Nxf5 30. fxg4 Ne3 31. Re1 Bxg4 32. Na4 Rb4 33. Bd1 Rcb8 34. Nec3 Bf5 0-1

[Event "Como Province-ch"]
[Site "Como"]
[Date "2009.01.25"]
[Round "4"]
[White "Bellotto, Stefano"]
[Black "Gagliardi, Christian"]
[Result "0-1"]
[WhiteElo "1992"]
[BlackElo "2209"]
[PlyCount "77"]
[EventDate "2009.01.24"]
[EventType "swiss"]
[EventRounds "6"]
[EventCountry "ITA"]
[SourceTitle "EXT 2011"]
[Source "ChessBase"]
[SourceDate "2010.11.26"]
[SourceVersion "1"]
[SourceVersionDate "2010.11.26"]
[SourceQuality "1"]

1. d4 Nf6 2. c4 g6 3. Nc3 Bg7 4. e4 d6 5. f3 0-0 6. Be3 c5 7. d5 Na6 8. Bd3 Nc7 9. Nge2 Bd7 10. Qd2 a6 11. a4 b6 12. 0-0 Rb8 13. Nc1 b5 14. axb5 axb5 15. cxb5 Nxb5 16. Nxb5 Bxb5 17. Ra3 Nd7 18. b3 Ne5 19. Kh1 Nxd3 20. Nxd3 Ra8 21. Rxa8 Qxa8 22. Rb1 Qa3 23. Qc2 Ra8 24. Bc1 Qa2 25. Qxa2 Rxa2 26. Nb2 Be2 27. f4 Bd4 28. h3 f5 29. exf5 gxf5 30. Kh2 Kf7 31. Kg3 h5 32. Kh4 Kg6 33. Kg3 Kf6 34. Kh2 h4 35. Kh1 Bh5 36. Nc4 Bd1 37. Be3 Bc2 38. Bxd4+ cxd4 39. b4 0-1

[Event "CO Province-ch"]
[Site "Mariano Comense"]
[Date "2008.01.20"]
[Round "3"]
[White "Bellotto, Stefano"]
[Black "Casonato, Mattias"]
[Result "1-0"]
[WhiteElo "1993"]
[BlackElo "1545"]
[PlyCount "81"]
[EventDate "2008.01.19"]
[EventType "swiss"]
[EventRounds "6"]
[EventCountry "ITA"]
[SourceTitle "EXT 2009"]
[Source "ChessBase"]
[SourceDate "2008.11.26"]
[SourceVersion "1"]
[SourceVersionDate "2008.11.26"]
[SourceQuality "1"]

1. d4 g6 2. c4 d6 3. Nc3 Bg7 4. e4 c6 5. Be3 Nf6 6. f3 0-0 7. Bd3 e5 8. d5 Nh5 9. Nge2 f5 10. Qd2 f4 11. Bf2 c5 12. Nc1 b6 13. Be2 Bf6 14. Rg1 Bh4 15. g3 fxg3 16. hxg3 Bg5 17. Be3 Bxe3 18. Qxe3 Nd7 19. Nd3 Qf6 20. Nf2 Nb8 21. 0-0-0 a5 22. Ng4 Bxg4 23. fxg4 Ng7 24. Rdf1 Qe7 25. Qh6 Nd7 26. g5 Rxf1+ 27. Rxf1 Nf8 28. Bg4 Rd8 29. Rh1 Qf7 30. Nd1 Ra8 31. Be2 Rd8 32. Rf1 Qe7 33. Ne3 Kh8 34. Ng4 Nh5 35. Rf3 Qg7 36. Nf6 Qxh6 37. gxh6 Nxf6 38. Rxf6 Nd7 39. Rxd6 Kg8 40. Bg4 Rf8 41. Be6+ 1-0

[Event "Villa Guardia D Oro Cup 25th"]
[Site "Villa Guardia"]
[Date "2007.11.09"]
[Round "5"]
[White "Bellotto, Stefano"]
[Black "Ghelfi, Giancarlo"]
[Result "1-0"]
[WhiteElo "1999"]
[BlackElo "1538"]
[PlyCount "75"]
[EventDate "2007.10.05"]
[EventType "swiss"]
[EventRounds "7"]
[EventCountry "ITA"]
[SourceTitle "EXT 2010"]
[Source "ChessBase"]
[SourceDate "2010.11.25"]
[SourceVersion "1"]
[SourceVersionDate "2010.11.25"]
[SourceQuality "1"]

1. e4 c5 2. Nf3 e6 3. d3 Nc6 4. g3 g6 5. Bg2 Bg7 6. 0-0 d5 7. Nbd2 Nf6 8. Re1 0-0 9. c3 b6 10. e5 Nd7 11. d4 f6 12. Bh3 Re8 13. exf6 Qxf6 14. Nb3 c4 15. Bg5 Qf7 16. Nbd2 Nf8 17. Ne5 Nxe5 18. dxe5 h6 19. Be3 Bxe5 20. Bxh6 Bg7 21. Bxg7 Qxg7 22. Nf3 Nh7 23. Bg2 Bb7 24. Ne5 Nf6 25. Qd2 Ne4 26. Bxe4 dxe4 27. Nxc4 Qc7 28. Ne3 Rad8 29. Qe2 Rd3 30. Rad1 Qc6 31. h4 Red8 32. Qg4 e5 33. h5 Kh7 34. Kg2 Bc8 35. hxg6+ Qxg6 36. Qh4+ Kg8 37. Rxd3 exd3 38. Qxd8+ 1-0

[Event "Villa Guardia D Oro Cup 25th"]
[Site "Villa Guardia"]
[Date "2007.10.19"]
[Round "3"]
[White "Liscio, Giovanni"]
[Black "Bellotto, Stefano"]
[Result "1-0"]
[WhiteElo "2018"]
[BlackElo "1999"]
[PlyCount "61"]
[EventDate "2007.10.05"]
[EventType "swiss"]
[EventRounds "7"]
[EventCountry "ITA"]
[SourceTitle "EXT 2010"]
[Source "ChessBase"]
[SourceDate "2010.11.25"]
[SourceVersion "1"]
[SourceVersionDate "2010.11.25"]
[SourceQuality "1"]

1. d4 d6 2. c4 f5 3. Nc3 Nf6 4. g3 g6 5. Bg2 Bg7 6. Nf3 0-0 7. d5 Na6 8. 0-0 Bd7 9. Rb1 c5 10. e4 fxe4 11. Ng5 Nc7 12. Ngxe4 Nxe4 13. Nxe4 b5 14. b3 Rb8 15. Bg5 h6 16. Be3 Kh7 17. h3 Qe8 18. g4 Qf7 19. Ng3 e5 20. Be4 Ne8 21. Qe2 Nf6 22. Bd3 Qe7 23. cxb5 Nxd5 24. Bxg6+ Kh8 25. a4 Nc3 26. Qd2 Nxb1 27. Bxb1 Qh4 28. Qd3 Kg8 29. Qh7+ Kf7 30. Bg6+ Kf6 31. Nh5+ 1-0

[Event "Como op"]
[Site "Como"]
[Date "2007.05.25"]
[Round "7"]
[White "Bellotto, Stefano"]
[Black "Napoli, Ferdinando"]
[Result "1/2-1/2"]
[WhiteElo "1988"]
[BlackElo "1826"]
[PlyCount "28"]
[EventDate "2007.04.13"]
[EventType "swiss"]
[EventRounds "7"]
[EventCountry "ITA"]
[SourceTitle "EXT 2010"]
[Source "ChessBase"]
[SourceDate "2010.11.25"]
[SourceVersion "1"]
[SourceVersionDate "2010.11.25"]
[SourceQuality "1"]

1. d4 Nf6 2. c4 g6 3. Nc3 Bg7 4. e4 d6 5. Bd3 0-0 6. Nge2 e5 7. d5 a5 8. Ng3 Na6 9. f3 c6 10. Be3 Nc5 11. Bc2 cxd5 12. cxd5 b6 13. 0-0 Ba6 14. Re1 h5 1/2-1/2

[Event "Como op"]
[Site "Como"]
[Date "2007.05.11"]
[Round "5"]
[White "Grassetto, Gilberto"]
[Black "Bellotto, Stefano"]
[Result "0-1"]
[WhiteElo "1933"]
[BlackElo "1988"]
[PlyCount "74"]
[EventDate "2007.04.13"]
[EventType "swiss"]
[EventRounds "7"]
[EventCountry "ITA"]
[SourceTitle "EXT 2010"]
[Source "ChessBase"]
[SourceDate "2010.11.25"]
[SourceVersion "1"]
[SourceVersionDate "2010.11.25"]
[SourceQuality "1"]

1. d4 d6 2. c4 f5 3. Nc3 Nf6 4. g3 g6 5. Bg2 Bg7 6. Nh3 0-0 7. 0-0 c6 8. f3 Qc7 9. Be3 e5 10. d5 Na6 11. Qd2 c5 12. Bh6 Qe7 13. Bxg7 Kxg7 14. Rae1 Nh5 15. e4 f4 16. g4 Nf6 17. a3 Bd7 18. Ne2 Rac8 19. Nhxf4 exf4 20. Nxf4 Qe5 21. Ne2 g5 22. h3 Rce8 23. Rf2 h5 24. Ref1 hxg4 25. fxg4 Bxg4 26. Rxf6 Rxf6 27. Rxf6 Bxe2 28. Rf5 Qd4+ 29. Qxd4+ cxd4 30. Rxg5+ Kf6 31. Rf5+ Kg6 32. Kf2 Bxc4 33. Bf3 Re5 34. Rf8 Nc5 35. Rd8 Nxe4+ 36. Bxe4+ Rxe4 37. Rxd6+ Kf7 0-1

[Event "Ceriano Laghetto op-A 15th"]
[Site "Ceriano Laghetto"]
[Date "2006.04.01"]
[Round "2"]
[White "Bellotto, Stefano"]
[Black "Frigieri, Fabrizio"]
[Result "0-1"]
[WhiteElo "2034"]
[BlackElo "2096"]
[PlyCount "86"]
[EventDate "2006.03.31"]
[EventType "swiss"]
[EventRounds "5"]
[EventCountry "ITA"]
[SourceTitle "EXT 2011"]
[Source "ChessBase"]
[SourceDate "2010.11.26"]
[SourceVersion "1"]
[SourceVersionDate "2010.11.26"]
[SourceQuality "1"]

1. e4 d5 2. Nc3 dxe4 3. Nxe4 e5 4. Ng3 Nf6 5. Bc4 Bc5 6. N1e2 0-0 7. 0-0 Nc6 8. a3 a5 9. d3 h6 10. h3 Nd5 11. Nc3 Be6 12. Bxd5 Bxd5 13. Qh5 f6 14. Nf5 Ne7 15. Nxg7 Kxg7 16. Bxh6+ Kg8 17. Qg4+ Kf7 18. Qh5+ Kg8 19. Qg4+ Kf7 20. Qh5+ Ke6 21. Rae1 Rg8 22. Ne4 Bxe4 23. dxe4 Qe8 24. Qf3 Qg6 25. Rd1 Nc6 26. Be3 Bxe3 27. fxe3 Rad8 28. Qf5+ Qxf5 29. exf5+ Ke7 30. Kf2 Rxd1 31. Rxd1 Rd8 32. Rxd8 Nxd8 33. Kf3 a4 34. Ke4 c6 35. g4 Nf7 36. h4 Kd6 37. b4 b5 38. Kd3 Nh6 39. g5 fxg5 40. hxg5 Nxf5 41. e4 Ne7 42. Ke3 Ke6 43. Kf3 Kf7 0-1

[Event "Como Province-ch"]
[Site "Mariano Comense"]
[Date "2005.03.13"]
[Round "6"]
[White "Bellotto, Stefano"]
[Black "Liscio, Giovanni"]
[Result "1-0"]
[WhiteElo "2041"]
[BlackElo "1964"]
[PlyCount "33"]
[EventDate "2005.03.05"]
[EventType "swiss"]
[EventRounds "6"]
[EventCountry "ITA"]
[SourceTitle "EXT 2024"]
[Source "ChessBase"]
[SourceDate "2023.10.10"]
[SourceVersion "1"]
[SourceVersionDate "2023.10.10"]
[SourceQuality "1"]

1. e4 c5 2. Nf3 d6 3. d3 g6 4. g3 Bg7 5. Bg2 Nc6 6. 0-0 Nf6 7. Re1 e5 8. Nbd2 0-0 9. c3 b5 10. a4 b4 11. Nc4 Rb8 12. Bg5 h6 13. Bxf6 Qxf6 14. Ne3 Be6 15. Nd2 Qe7 16. Ndc4 f5 17. exf5 1-0

[Event "Ceriano Laghetto op 12th"]
[Site "Ceriano Laghetto"]
[Date "2005.01.30"]
[Round "3"]
[White "Salvador, Roland"]
[Black "Bellotto, Stefano"]
[Result "1-0"]
[WhiteElo "2340"]
[BlackElo "2041"]
[PlyCount "51"]
[EventDate "2005.01.29"]
[EventType "swiss"]
[EventRounds "5"]
[EventCountry "ITA"]
[SourceTitle "EXT 2007"]
[Source "ChessBase"]
[SourceDate "2006.11.23"]
[SourceVersion "1"]
[SourceVersionDate "2006.11.23"]
[SourceQuality "1"]

1. c4 f5 2. Nc3 Nf6 3. g3 g6 4. Bg2 Bg7 5. d4 0-0 6. Nh3 d6 7. 0-0 c6 8. Re1 e5 9. dxe5 dxe5 10. Qb3 Qe7 11. e4 f4 12. gxf4 Nh5 13. f5 gxf5 14. Bg5 Qf7 15. exf5 Bxf5 16. Ne4 Bxe4 17. Rxe4 Na6 18. Rh4 Nc5 19. Qe3 Ne6 20. Be4 Bf6 21. Kh1 Kh8 22. Rg1 Rg8 23. Rxh5 Qxh5 24. Bxf6+ Ng7 25. Qg5 Qf7 26. Qh6 1-0

[Event "Como Province-ch"]
[Site "Villa Guardia"]
[Date "2004.03.06"]
[Round "1"]
[White "Raineri, Roberto"]
[Black "Bellotto, Stefano"]
[Result "0-1"]
[WhiteElo "1555"]
[BlackElo "1803"]
[PlyCount "60"]
[EventDate "2004.03.06"]
[EventType "swiss"]
[EventRounds "6"]
[EventCountry "ITA"]
[SourceTitle "EXT 2024"]
[Source "ChessBase"]
[SourceDate "2023.10.10"]
[SourceVersion "1"]
[SourceVersionDate "2023.10.10"]
[SourceQuality "1"]

1. Nf3 d6 2. c4 f5 3. g3 e5 4. d4 e4 5. Bg5 Be7 6. Bxe7 Qxe7 7. Nh4 Nh6 8. e3 0-0 9. Nc3 c6 10. Qb3 Kh8 11. Ng2 Na6 12. c5 dxc5 13. Bxa6 bxa6 14. dxc5 Qxc5 15. 0-0 a5 16. Rac1 Qb4 17. Qxb4 axb4 18. Na4 Ba6 19. Rfd1 Bb5 20. Nc5 Rfd8 21. Nf4 Ng4 22. Nfe6 Rxd1+ 23. Rxd1 Ne5 24. Nc7 Be2 25. Nxa8 Bxd1 26. Na6 b3 27. axb3 Bxb3 28. Nc5 Bc2 29. Nc7 Nd3 30. b3 Nxc5 0-1

[Event "Melegnano op 3rd"]
[Site "Melegnano"]
[Date "2004.02.14"]
[Round "2"]
[White "Bellotto, Stefano"]
[Black "Rossi, Giampiero"]
[Result "1-0"]
[WhiteElo "1803"]
[BlackElo "2048"]
[PlyCount "109"]
[EventDate "2004.02.13"]
[EventType "swiss"]
[EventRounds "5"]
[EventCountry "ITA"]
[SourceTitle "EXT 2008"]
[Source "ChessBase"]
[SourceDate "2007.11.25"]
[SourceVersion "1"]
[SourceVersionDate "2007.11.25"]
[SourceQuality "1"]

1. e4 c5 2. Nf3 e6 3. d3 Nc6 4. g3 d6 5. Bg2 Nf6 6. 0-0 Be7 7. Re1 0-0 8. Nbd2 Qc7 9. Nf1 Bd7 10. c3 Rfc8 11. h4 Rab8 12. Qe2 b5 13. Bf4 e5 14. Bg5 h6 15. Bxf6 Bxf6 16. Ne3 Ne7 17. Nh2 g6 18. h5 Bg7 19. Nf3 Kh7 20. Nh4 Be6 21. Nd5 Qd7 22. Qf3 Ng8 23. hxg6+ fxg6 24. Qe3 Rf8 25. Rf1 Rf7 26. b4 cxb4 27. cxb4 Bxd5 28. exd5 Bf6 29. Be4 Bxh4 30. gxh4 Rf4 31. f3 Nf6 32. Qf2 Rf8 33. Qg3 Nxe4 34. dxe4 Qe7 35. Rac1 Rxh4 36. Rc3 Rhf4 37. Rfc1 Qg5 38. Qxg5 hxg5 39. Rc7+ R8f7 40. Rxf7+ Rxf7 41. Kg2 Kg7 42. Rc6 Rd7 43. Kg3 Kf6 44. Kg4 Rd8 45. Rc7 Rh8 46. Rxa7 Rh4+ 47. Kg3 Rh1 48. Rd7 Rg1+ 49. Kf2 Rb1 50. Rxd6+ Kf7 51. Re6 Rxb4 52. Rxe5 Kf6 53. Re6+ Kf7 54. Rb6 Rb2+ 55. Kg3 1-0

[Event "Ceriano Laghetto op 13th"]
[Site "Ceriano Laghetto"]
[Date "2004.02.07"]
[Round "4"]
[White "Lapiccirella, Daniele"]
[Black "Bellotto, Stefano"]
[Result "1-0"]
[WhiteElo "2078"]
[BlackElo "1803"]
[PlyCount "113"]
[EventDate "2004.01.31"]
[EventType "swiss"]
[EventRounds "6"]
[EventCountry "ITA"]
[SourceTitle "EXT 2009"]
[Source "ChessBase"]
[SourceDate "2008.11.26"]
[SourceVersion "1"]
[SourceVersionDate "2008.11.26"]
[SourceQuality "1"]

1. d4 d6 2. Nf3 Nf6 3. g3 g6 4. Bg2 Bg7 5. 0-0 0-0 6. c4 Nbd7 7. Nc3 e5 8. e4 c6 9. h3 exd4 10. Nxd4 Nc5 11. Re1 Re8 12. b3 Qb6 13. Bb2 a5 14. a4 Nh5 15. Kh2 Nd3 16. Qxd3 Bxd4 17. Nd5 cxd5 18. Bxd4 dxc4 19. Qxc4 Qc6 20. Qd3 Be6 21. Rac1 Qd7 22. Bb2 Rac8 23. Qd4 f6 24. Bf3 Ng7 25. Qxf6 Rf8 26. Rxc8 Rxc8 27. Bg4 Bxg4 28. hxg4 Rf8 29. Qxg7+ Qxg7 30. Bxg7 Kxg7 31. Kg2 Rc8 32. Re3 Kf6 33. f4 Rc2+ 34. Kf3 Ke6 35. Rd3 Rc6 36. g5 Rc5 37. g4 b5 38. axb5 Rxb5 39. f5+ Ke7 40. Kf4 Rc5 41. Rh3 Rb5 42. Rxh7+ Kf8 43. Rh3 Kf7 44. Rd3 Ke7 45. fxg6 Kf8 46. Rxd6 Rxb3 47. Ra6 Kg7 48. Rxa5 Kxg6 49. Ra6+ Kg7 50. g6 Rb1 51. Kf5 Rf1+ 52. Kg5 Re1 53. Ra7+ Kg8 54. Re7 Kf8 55. g7+ Kg8 56. Kf6 Kh7 57. Re5 1-0

[Event "Ceriano Laghetto op 13th"]
[Site "Ceriano Laghetto"]
[Date "2004.02.01"]
[Round "3"]
[White "Bellotto, Stefano"]
[Black "Provera, Emanuele"]
[Result "0-1"]
[WhiteElo "1803"]
[BlackElo "2144"]
[PlyCount "88"]
[EventDate "2004.01.31"]
[EventType "swiss"]
[EventRounds "6"]
[EventCountry "ITA"]
[SourceTitle "EXT 2009"]
[Source "ChessBase"]
[SourceDate "2008.11.26"]
[SourceVersion "1"]
[SourceVersionDate "2008.11.26"]
[SourceQuality "1"]

1. e4 c6 2. d3 g6 3. Nf3 Bg7 4. g3 d5 5. Nbd2 Nh6 6. Bg2 0-0 7. 0-0 Na6 8. Re1 Qc7 9. Nb3 dxe4 10. dxe4 e5 11. Qe2 f6 12. h3 Be6 13. Be3 Rfd8 14. Rad1 b5 15. c3 Bc4 16. Qc2 c5 17. Rxd8+ Rxd8 18. Rd1 Nf7 19. Rxd8+ Nxd8 20. Qd2 Nb7 21. Ne1 Be6 22. Nc2 Bf8 23. Nc1 Nd6 24. b3 Nb8 25. Bh6 Bxh6 26. Qxh6 a5 27. Ne3 c4 28. bxc4 bxc4 29. Nd5 Qf7 30. Qd2 Bxd5 31. exd5 Qb7 32. Kh2 Nd7 33. Qe3 Qb6 34. Qe2 a4 35. Qg4 f5 36. Qg5 Kf7 37. Qh6 Nf6 38. Qd2 a3 39. f4 e4 40. Qd4 Qxd4 41. cxd4 Nxd5 42. Bf1 Nb4 43. Kg1 Ke6 44. Kf2 Nd3+ 0-1